[Event "Delegacio Lleida op"]
[Site "Mollerusa"]
[Date "2018.05.26"]
[Round "7"]
[White "Angles Roca, Joel"]
[Black "Masague Artero, Guerau"]
[Result "1/2-1/2"]
[WhiteElo "1836"]
[BlackElo "2158"]
[PlyCount "59"]
[EventDate "2018.04.14"]
[EventType "swiss"]
[EventRounds "8"]
[EventCountry "ESP"]
[SourceTitle "EXT 2019"]
[Source "ChessBase"]
[SourceDate "2018.10.10"]
[SourceVersion "1"]
[SourceVersionDate "2018.10.10"]
[SourceQuality "1"]

1. Nf3 c5 2. e3 Nf6 3. d4 e6 4. Bd3 d5 5. b3 Nc6 6. 0-0 Bd6 7. dxc5 Bxc5 8. Bb2 0-0 9. Nbd2 Qe7 10. c4 Rd8 11. Rc1 Ba3 12. Qc2 Bxb2 13. Qxb2 e5 14. cxd5 Nxd5 15. Be4 f5 16. Bxd5+ Rxd5 17. e4 fxe4 18. Nxe4 Bg4 19. Qc3 Rad8 20. h3 Bh5 21. Ng3 Rd3 22. Qc4+ Bf7 23. Qe4 Bg6 24. Qc4+ Kh8 25. Rfe1 Qf6 26. Qg4 R3d5 27. Ne4 Qf8 28. Ng3 Qf6 29. Ne4 Qf8 30. Ng3 1/2-1/2

[Event "Salou op U2300 3rd"]
[Site "Salou"]
[Date "2018.04.29"]
[Round "4"]
[White "Angles Roca, Joel"]
[Black "Meyssonnier, David"]
[Result "1/2-1/2"]
[WhiteElo "1846"]
[BlackElo "1756"]
[PlyCount "57"]
[EventDate "2018.04.28"]
[EventType "swiss"]
[EventRounds "7"]
[EventCountry "ESP"]
[SourceTitle "CBM 184 Extra"]
[Source "ChessBase"]
[SourceDate "2018.06.28"]
[SourceVersion "1"]
[SourceVersionDate "2018.06.28"]
[SourceQuality "1"]

1. d4 Nf6 2. Nf3 g6 3. c4 c5 4. e3 Bg7 5. Nc3 0-0 6. Be2 cxd4 7. exd4 d5 8. cxd5 Nxd5 9. 0-0 Nxc3 10. bxc3 Qc7 11. Bb2 b6 12. Qd2 Bb7 13. Rac1 Nd7 14. c4 Rad8 15. d5 Ne5 16. Bxe5 Bxe5 17. Nxe5 Qxe5 18. f4 Qd6 19. f5 b5 20. fxg6 fxg6 21. Rxf8+ Rxf8 22. cxb5 Bxd5 23. Rd1 e6 24. Rf1 Qc5+ 25. Kh1 Rf2 26. Rg1 Bc4 27. Qd8+ Rf8 28. Qd7 Rf7 29. Qd8+ 1/2-1/2

[Event "Salou op"]
[Site "Salou"]
[Date "2017.04.29"]
[Round "1"]
[White "Angles Roca, Joel"]
[Black "Pribeanu, Mihai Dacian"]
[Result "0-1"]
[WhiteElo "1409"]
[BlackElo "2119"]
[PlyCount "86"]
[EventDate "2017.04.29"]
[EventType "swiss"]
[EventRounds "6"]
[EventCountry "ESP"]
[SourceTitle "CBM 178 Extra"]
[Source "ChessBase"]
[SourceDate "2017.06.22"]
[SourceVersion "1"]
[SourceVersionDate "2017.06.22"]
[SourceQuality "1"]

1. d4 Nf6 2. Nf3 g6 3. c4 Bg7 4. Nc3 0-0 5. e4 d6 6. Be2 Nbd7 7. 0-0 e5 8. d5 Nc5 9. Qc2 a5 10. Be3 b6 11. Ne1 Ne8 12. Nd3 f5 13. Nxc5 dxc5 14. f3 Nd6 15. a3 Ba6 16. Na2 fxe4 17. fxe4 Qh4 18. Bd3 Bh6 19. Bxh6 Qxh6 20. Qe2 Rxf1+ 21. Rxf1 Rf8 22. Rxf8+ Kxf8 23. g3 Qg5 24. Kg2 h5 25. b4 h4 26. bxc5 bxc5 27. Kf2 Ke7 28. Qc2 Qg4 29. Kg2 Bc8 30. Qb2 Qg5 31. Nc1 h3+ 32. Kf2 Ba6 33. Qc2 Qf6+ 34. Ke2 Bc8 35. Kd2 Qf2+ 36. Kc3 Qe3 37. Nb3 a4 38. Na5 Qd4+ 39. Kd2 Nxe4+ 40. Ke1 Qg1+ 41. Bf1 Qe3+ 42. Be2 Qf2+ 43. Kd1 Qg1+ 0-1

[Event "Tarrega Tardor op 1st"]
[Site "Tarrega"]
[Date "2015.10.30"]
[Round "5"]
[White "Angles Roca, Joel"]
[Black "Pont Garcia, Agusti"]
[Result "1-0"]
[WhiteElo "1554"]
[BlackElo "1652"]
[PlyCount "67"]
[EventDate "2015.10.02"]
[EventType "swiss"]
[EventRounds "8"]
[EventCountry "ESP"]
[SourceTitle "CBM 169 Extra"]
[Source "ChessBase"]
[SourceDate "2015.12.18"]
[SourceVersion "1"]
[SourceVersionDate "2015.12.18"]
[SourceQuality "1"]

1. e4 e5 2. Nf3 Nc6 3. Bb5 Nf6 4. d3 Bb4+ 5. c3 Bd6 6. Bg5 0-0 7. 0-0 h6 8. Bh4 Be7 9. Bxc6 dxc6 10. Nxe5 c5 11. Na3 Bd6 12. Nac4 Bxe5 13. Nxe5 Be6 14. Nf3 Bg4 15. e5 Nd7 16. Bxd8 Raxd8 17. h3 Bh5 18. g4 Bg6 19. Re1 Rde8 20. d4 c4 21. Qa4 c6 22. Qxc4 b5 23. Qxc6 Rd8 24. e6 Nb8 25. exf7+ Rxf7 26. Qxg6 Rxf3 27. Re8+ Rxe8 28. Qxe8+ Kh7 29. Qe4+ g6 30. Qxf3 Nd7 31. Qf7+ Kh8 32. Qxd7 Kg8 33. Re1 Kf8 34. Re8# 1-0